|
|
|
|
| LEADER |
00000cam a2200000 7i4500 |
| 001 |
0000001337 |
| 005 |
20140420.0 |
| 020 |
0 |
0 |
|a 9290433485
|
| 090 |
0 |
0 |
|a 584.5
|b VIR 1997
|
| 245 |
0 |
0 |
|a VIROID-like sequenses of coconut :
|b Proceedings of a meeting, 21-23 April 1997, Kajang (Kuala Lumpur), Malaysia
|c M. Diekmann, editors
|
| 260 |
0 |
0 |
|a Rome, Italy :
|b IPGRI ,
|c 1997
|
| 300 |
|
|
|a 56 p. :
|b ill. ;
|c 30 cm.
|
| 650 |
0 |
0 |
|a Coconut
|x Germplasm
|x Congresses
|
| 700 |
0 |
1 |
|a Diekmann
|h M.
|
| 710 |
1 |
1 |
|a International Plant Genetic Resources Institute (IPGRI)
|
| 998 |
|
|
|a JPSM
|
| 999 |
|
|
|a 0000002333
|b Monograph
|c Open Shelf
|e Default branch
|